000 01023nam0a22002771 4500
001 rc\2773958
005 20250806204604.0
035 _a(NLR Aleph) 006900277
090 _a29337
_c29337
100 _a20110915d1941 u y0rusy50 ca
101 0 _arus
102 _aRU
105 _aa z |||||
200 1 _aМетоды испытания битумных и дегтевых дорожно-строительных материалов
_fПод ред. М. А. Зелейщикова
_gДор. н.-и. ин-т "ДорНИИ"
210 _aМосква
_cДориздат
_d1941
215 _a220 с.
_cил., черт.
_d22 см.
320 _aБиблиогр.: с. 212-5
700 1 _aСтарицкий
_bМ.Г.
_gМихаил Григорьевич
702 1 _aЗелейщиков
_bМ.А.
_4340
801 0 _aRU
_bNLR
_gpsbo
801 1 _aRU
_bELAR
_2rusmarc
852 _aNLR
_jТ86 Г-5/14
942 _cBOOK
945 _aРоссийская национальная библиотека
980 _aNB
980 _aBV